000
00344nam a2200145Ia 4500
100
_a
Gottfried/B.S
942
_c
BK
654
_a
Programming & Basic
245
_a
Theory & Problem Of Programming With Basic
260
_b
McGraw Hill.( Schaum''s)
_a
New York
_c
1988
082
_a
1.6
_b
Got
300
_a
386
546
_a
ENGLISH
999
_c
28390
_d
28390